01311ngm a2200325 4500003000400000005001700004007000500021008004100026010003800067024002400105035002000129035002000149040001300169082001500182245007100197260002900268300006300297440003200360500004900392500026700441538004900708538009700757650001900854700001600873700001900889700001600908700002400924700001800948700001900966dpl20181218133129.0DVD ||||||sp199 xxu|||||c ||| 00| 0 ng d  aDVD-001485-1487 & DVD-005019-5024 aSHE DVD 188c199.00 aDVD-001485-1487 aDVD-005019-5024 aDPLcDPL aDVD / MRAN aMr. And Mrs. IyercTriplecom Media Presentsh[videorecording] DVD/ bShemaroo Video Pvt. Ltd. a1 videodisc DVD; (126 min.) :bsd., col. ;c4 3/4 in.fDVD aShemaroo Home Entertainment aDigitally Re-Mastered From the Original Film aNational Award Winner Best Director, Best Screenplay, Best Actress, Best Film on National Integration International Awards NETPAC Awards for the Best Asian Film and Junior Jury Second Prize for the Best Director Hawaiian Bank Golden Maile Award for Best Feature aDolby Digital 5.1 - Hindi Subtitles: English aAnamorphic Wide Screen Format, Presented 2:35.1 Aspect Ratio Enhancaead for 16:9 Wide Screen aMotion Picture aSen, Aparna aHussain, Zakir aBose, Rahul aSen Sharma, Konkana aChauhan, Esha aSikri, Surekha